<?xml version="1.0" encoding="UTF-8"?>
<marc:record xmlns:marc="http://www.loc.gov/MARC21/slim">
   <marc:leader>00000nam a2200000 a 4500</marc:leader>
   <marc:datafield ind1="1" ind2=" " tag="100">
      <marc:subfield code="a">Pennypacker, Sara</marc:subfield>
      <marc:subfield code="4">aut</marc:subfield>
      <marc:subfield code="e">Verfasser/-in</marc:subfield>
   </marc:datafield>
   <marc:datafield ind1="0" ind2="0" tag="245">
      <marc:subfield code="a">Clementines verrückte Woche</marc:subfield>
   </marc:datafield>
   <marc:datafield ind1="0" ind2="0" tag="245">
      <marc:subfield code="c">Pennypacker, Sara</marc:subfield>
   </marc:datafield>
   <marc:datafield ind1=" " ind2="1" tag="264">
      <marc:subfield code="a">Hamburg</marc:subfield>
      <marc:subfield code="b">Carlsen</marc:subfield>
      <marc:subfield code="c">2011</marc:subfield>
   </marc:datafield>
   <marc:datafield ind1="1" ind2=" " tag="520">
      <marc:subfield code="a">Angaben aus der Verlagsmeldung &#xD;
&#xD;
 &#xD;
&#xD;
  Clementines verrückte Woche / von Sara Pennypacker &#xD;
&#xD;
 &#xD;
Clementine ist Schülerin der Woche! Jetzt darf sie der ganzen Klasse Geschichten aus ihrem Leben erzählen, mittags das Milchgeld einsammeln und lauter andere tolle Sachen. &#xD;
Trotzdem macht sie sich große Sorgen, denn am Ende der Woche soll jeder aus der Klasse etwas in ihr Album schreiben. Aber was, wenn ihnen nichts Nettes zu Clementine einfällt? Vielleicht bleibt ihr Album ja ganz leer! &#xD;
Zu allem Übel hat sie sich mit ihrer Freundin Margret zerstritten. Und als dann auch noch ihr kleiner Kater Kamillosan verschwindet, ist Clementine sicher: So eine verrückte Woche hat sie noch nie erlebt!</marc:subfield>
   </marc:datafield>
   <marc:datafield ind1=" " ind2=" " tag="020">
      <marc:subfield code="a">9783551555731</marc:subfield>
      <marc:subfield code="9">9783551555731</marc:subfield>
   </marc:datafield>
   <marc:datafield ind1=" " ind2=" " tag="041">
      <marc:subfield code="a">ger</marc:subfield>
   </marc:datafield>
   <marc:datafield ind1=" " ind2=" " tag="300">
      <marc:subfield code="b">Ill.</marc:subfield>
   </marc:datafield>
   <marc:datafield ind1=" " ind2=" " tag="338">
      <marc:subfield code="a">Band</marc:subfield>
   </marc:datafield>
   <marc:datafield ind1=" " ind2=" " tag="300">
      <marc:subfield code="a">142 S.</marc:subfield>
   </marc:datafield>
</marc:record>
